Les 15 Pays qui ont le plus petit ratio longueur de côtes / périmètre - Statistiques

Statistiques générales
  • Ce quiz a été pris 35 fois
  • Le résultat moyen est 8 sur 15
Statistiques - réponses
Pourcentage Pays % Correct
3,29% Togo
77%
5,73% Bénin
71%
1,35% Bosnie-Herzégovine
69%
2,98% République du Congo
66%
1,57% Irak
60%
9,76% Gambie
60%
3,4% Slovénie
57%
4,57% Belgique
51%
8,05% Cameroun
51%
8,6% Guinée
51%
7,22% Lituanie
51%
0,34% République Démocratique du Congo
51%
1,58% Jordanie
40%
7,89% Syrie
40%
8,23% Roumanie
31%
Aucun quiz correspondant
Distribution des résultats
% des personnes avec chaque résultat
Percentile par nombre de réponses
Votre historique - résultats
Vous n’avez pas pris ce quiz